Textbook of Health/Nursing Informatics & Technology for BSc. Nursing Students / (Record no. 1362)
[ view plain ]
| 000 -LEADER | |
|---|---|
| Fixed length control field | 00601nam a2200205Ia 4500 |
| 003 - CONTROL NUMBER IDENTIFIER | |
| Control field | IIN |
| 005 - DATE AND TIME OF LATEST TRANSACTION | |
| Control field | 20251209105948.0 |
| 008 - FIXED-LENGTH DATA ELEMENTS--GENERAL INFORMATION | |
| Fixed length control field | 231217s9999 xx 000 0 und d |
| 020 ## - INTERNATIONAL STANDARD BOOK NUMBER / ISBN | |
| Price | Rs.499.00 |
| International Standard Book Number | 9789390619214 |
| 040 ## - CATALOGING SOURCE | |
| Original cataloging agency | IIN |
| Language of cataloging | English |
| 082 ## - DEWEY DECIMAL CLASSIFICATION NUMBER | |
| Classification number | 610.730285 |
| Book Number | RAN |
| 100 1# - MAIN ENTRY--PERSONAL NAME | |
| Personal name | Randhir, Priyanka |
| 245 1# - TITLE STATEMENT | |
| Title | Textbook of Health/Nursing Informatics & Technology for BSc. Nursing Students / |
| Statement of responsibility | Priyanka Randhir |
| 250 ## - EDITION STATEMENT | |
| Edition statement | 2nd ed |
| 260 ## - IMPRINT | |
| Place of publication | New Delhi |
| Name of publisher | CBS |
| Date of publication | 2022 |
| 300 ## - PHYSICAL DESCRIPTION | |
| Page / Vol. No | xxviii,371p. |
| 650 1# - SUBJECT ADDED ENTRY--TOPICAL TERM | |
| Topical term | Informatics |
| Form subdivision | Nursing |
| 650 1# - SUBJECT ADDED ENTRY--TOPICAL TERM | |
| Topical term | Informatics & Technology |
| Form subdivision | Nursing |
| 942 ## - ADDED ENTRY ELEMENTS (KOHA) | |
| Koha item type | Books |
| Withdrawn status | Lost status | Damaged status | Not for loan | Collection code | Home library | Current library | Date acquired | Price | Total Checkouts | Call number | Accession number | Date last seen | Price effective from | Koha item type | Source of classification | Shelving location |
|---|---|---|---|---|---|---|---|---|---|---|---|---|---|---|---|---|
| IDEAL INSTITUTE OF NURSING | IDEAL INSTITUTE OF NURSING | 17/12/2023 | 499.00 | 610.730285 RAN | 1356 | 17/12/2023 | 17/12/2023 | Books | ||||||||
| IDEAL INSTITUTE OF NURSING | IDEAL INSTITUTE OF NURSING | 17/12/2023 | 499.00 | 610.730285 RAN | 1357 | 17/12/2023 | 17/12/2023 | Books | ||||||||
| IDEAL INSTITUTE OF NURSING | IDEAL INSTITUTE OF NURSING | 17/12/2023 | 499.00 | 610.730285 RAN | 1358 | 17/12/2023 | 17/12/2023 | Books | ||||||||
| Purches Book | IDEAL INSTITUTE OF NURSING | IDEAL INSTITUTE OF NURSING | 11/03/2025 | 499.00 | 610.730285 RAN | 2101 | 03/06/2025 | 03/06/2025 | Books | Dewey Decimal Classification | General Stacks |
